| 000 | 01032nam a2200301Ia 4500 | ||
|---|---|---|---|
| 003 | OSt | ||
| 005 | 20221006155815.0 | ||
| 006 | a|||||r|||| 00| 0 | ||
| 007 | ta | ||
| 008 | 221006b |||||||| |||| 00| 0 eng d | ||
| 020 |
_a9780415687508 _c£85.00 |
||
| 024 | _a43,551 | ||
| 037 |
_b3842, 20/03/2013, Unilib Book Distributor _cTextual |
||
| 040 |
_aEASL _cEASL _beng |
||
| 041 |
_2eng _aeng |
||
| 082 | _aT40aQ7, Q3 | ||
| 100 |
_aMuborakshoeva Marodsilton _9670480 |
||
| 245 | 0 |
_aIslam and higher education _b Concepts, challenges and opportunities |
|
| 260 |
_aLondon _bRoutedge _c2013 |
||
| 300 |
_a195p. _ccm. |
||
| 490 |
_v Gen _aRoutledge contemporary South Asia Series |
||
| 650 |
_a Education Higher - Pakistan _9670481 |
||
| 650 | _a Gen | ||
| 650 |
_a Islamic Universities and colleges _9670482 |
||
| 650 |
_aEducation Higher - Islamic countries _9670483 |
||
| 942 |
_hT40aQ7, Q3 _cTEXL _2CC |
||
| 999 |
_c1111637 _d1111637 |
||